书目信息 |
| 题名: |
高切坡防护技术与工程实例
|
|
| 作者: | 徐复兴 编著 | |
| 分册: | ||
| 出版信息: | 武汉 中国地质大学出版社 2017.05 |
|
| 页数: | 385页 | |
| 开本: | 26cm | |
| 丛书名: | ||
| 单 册: | ||
| 中图分类: | P642.22 , TV632.719 | |
| 科图分类: | ||
| 主题词: | 三峡水利工程--san xia shui li gong cheng--滑坡--防护工程--研究 | |
| 电子资源: | ||
| ISBN: | 978-7-5625-3969-8 | |
| 000 | 01140nam0 2200265 450 | |
| 001 | CAL 0120172277754 | |
| 005 | 20230217093111.0 | |
| 010 | @a978-7-5625-3969-8@dCNY80.00 | |
| 100 | @a20171016d2017 em y0chiy0120 ea | |
| 101 | 0 | @achi |
| 102 | @aCN@b420000 | |
| 105 | @aak a 000yy | |
| 106 | @ar | |
| 200 | 1 | @a高切坡防护技术与工程实例@Agao qie po fang hu ji shu yu gong cheng shi li@d= High slope protection technology and engineering@f徐复兴等编著@zeng |
| 210 | @a武汉@c中国地质大学出版社@d2017.05 | |
| 215 | @a385页@c图@d26cm | |
| 320 | @a有书目 (第382-384页) | |
| 330 | @a本书结合三峡库区和丹江口库区的高切坡工程实例, 阐述了高切坡的分类与安全等级、高切坡的勘察要点与破坏模式、高切坡的稳定性分析与评价、高切坡治理措施及变形监测设计, 其中重点是高切坡工程地质条件和防护技术, 同时还介绍了一些当前边坡治理中的新技术。 | |
| 510 | 1 | @aHigh slope protection technology and engineering@zeng |
| 606 | 0 | @a三峡水利工程@Asan xia shui li gong cheng@x滑坡@x防护工程@x研究 |
| 690 | @aP642.22@v5 | |
| 690 | @aTV632.719@v5 | |
| 701 | 0 | @a徐复兴@Axu fu xing@4编著 |
| 801 | 0 | @aCN@bBJXHZP@c20230228 |
| 905 | @b1385627-31@dP642.22@e168@f5 | |
| 高切坡防护技术与工程实例= High slope protection technology and engineering/徐复兴等编著.-武汉:中国地质大学出版社,2017.05 |
| 385页:图;26cm |
| ISBN 978-7-5625-3969-8:CNY80.00 |
| 本书结合三峡库区和丹江口库区的高切坡工程实例, 阐述了高切坡的分类与安全等级、高切坡的勘察要点与破坏模式、高切坡的稳定性分析与评价、高切坡治理措施及变形监测设计, 其中重点是高切坡工程地质条件和防护技术, 同时还介绍了一些当前边坡治理中的新技术。 |
| ● |
| 相关链接 |
|
|
|
|
正题名:高切坡防护技术与工程实例
索取号:P642.22/168
 
预约/预借
| 序号 | 登录号 | 条形码 | 馆藏地/架位号 | 状态 | 备注 |
| 1 | 1385627 | 213856273 | 第二样本阅览室/ [索取号:P642.22/168] | 在馆 | |
| 2 | 1385628 | 213856282 | 第三借阅区/ [索取号:P642.22/168] | 在馆 | |
| 3 | 1385629 | 213856291 | 第三借阅区/ [索取号:P642.22/168] | 在馆 | |
| 4 | 1385630 | 213856308 | 第三借阅区/ [索取号:P642.22/168] | 在馆 | |
| 5 | 1385631 | 213856317 | 第三借阅区/ [索取号:P642.22/168] | 在馆 |